000 00746nam a2200241 a 4500
001 BRCA_3742
005 20190320204416.0
008 150909s1948----mx-#---###---#000-0#spa-#
041 _aspa
044 _amx
050 4 _aF1226
_b.G73 13
_c1948
100 1 _aAlamán, Lucas
_d1792-1853
_99746
245 1 0 _aÍndice general onomástico
_cLucas Alamán ; compilación de Rafael Aguayo Spencer.
260 _aMéxico
_bJus
_c1948
300 _a288 p.
_c21 cm.
440 0 _aGrandes autores mexicanos Lucas Alamán. Obras
_v13
_99747
500 _aEjemplar numerado 47 de 500
500 _aC4
600 1 4 _aAlamán, Lucas
_d1792-1853
_vBibliografía
_99748
700 1 _aAguayo Spencer, Rafael
_ecompilador
_99749
902 _aGFM
942 _2lcc
_cB
999 _c3471
_d3471